000 00435cam a2200181 4500
001 D2394
008 090401t1961 xxu||||| |||| 00| 0 eng d
035 _a(Sirsi) u68919
041 _aeng
050 _a692.8
100 _aChrystal-Smith, G.
245 _aBuilding Contract Variations and final Accounts
260 _bGeorge Newnes Ltd
_c1961
350 _a0
520 _aREserve Shelf 135
942 _n0
948 _c04/03/1997
999 _c95145
_d95145